[Event "Mundial Juvenil femenino 2005 s12"]
[Site "Belfort FRA"]
[Date "2005.07.24"]
[Round "6.10"]
[White "Pujari, Rucha"]
[Black "Mitra, Hejazipour"]
[Result "0-1"]
[WhiteElo "1833"]
[BlackElo "1599"]
[PlyCount "96"]
[EventDate "2005.07.19"]
[EventType "swiss"]
[EventRounds "11"]
[EventCountry "FRA"]
[Source "lmi"]
[SourceDate "2005.07.31"]

1. e4 e5 2. Bc4 Nf6 3. d4 exd4 4. Nf3 Bb4+ 5. c3 dxc3 6. bxc3 d5 7. cxb4 dxc4
8. Qxd8+ Kxd8 9. Bg5 h6 10. Bh4 Ke8 11. Bxf6 gxf6 12. Nc3 Be6 13. Nd4 c6 14. f4
Kf8 15. Kf2 Na6 16. a3 c5 17. Nc2 cxb4 18. axb4 f5 19. e5 Kg7 20. b5 Nc5 21.
Nb4 Rhd8 22. Rhd1 Nd3+ 23. Nxd3 cxd3 24. Ke3 Bc4 25. Rab1 a6 26. bxa6 bxa6 27.
Na4 Rab8 28. Nb2 Ba2 29. Rbc1 Rxb2 30. Rd2 Rxd2 31. Kxd2 Bd5 32. h3 a5 33. Ra1
a4 34. g4 fxg4 35. hxg4 Bb3 36. f5 Bc2 37. Rf1 a3 38. f6+ Kg8 39. Rg1 a2 40. g5
Bb1 41. gxh6+ Kh8 42. e6 a1=Q 43. exf7 Qb2+ 44. Ke3 Qe2+ 45. Kf4 Rd4+ 46. Kg3
Rg4+ 47. Kh3 Qf3+ 48. Kh2 Rh4# 0-1

[Event "Mundial Juvenil femenino 2005 s12"]
[Site "Belfort FRA"]
[Date "2005.07.24"]
[Round "6.12"]
[White "Bulmaga, Irina"]
[Black "Hakimifard, Ghazal"]
[Result "0-1"]
[WhiteElo "2074"]
[BlackElo "1599"]
[PlyCount "86"]
[EventDate "2005.07.19"]
[EventType "swiss"]
[EventRounds "11"]
[EventCountry "FRA"]
[Source "lmi"]
[SourceDate "2005.07.31"]

1. e4 e5 2. Nf3 Nc6 3. Bc4 Nf6 4. d3 Bc5 5. c3 O-O 6. Bb3 a6 7. Nbd2 Ba7 8. h3
Re8 9. Nf1 d5 10. Qe2 Na5 11. Bc2 Bd7 12. b3 c5 13. Bg5 Qb6 14. Bxf6 Qxf6 15.
Ne3 d4 16. Nd5 Qd6 17. c4 b5 18. O-O Rac8 19. Qd2 Nc6 20. Nh2 Qg6 21. Kh1 f5
22. exf5 Bxf5 23. f4 Qh6 24. Qf2 Bg6 25. Rae1 exf4 26. Rxe8+ Rxe8 27. Ng4 Qg5
28. Nc7 Rf8 29. Nd5 Rf7 30. Qe2 Ne7 31. Nxe7+ Rxe7 32. Qf3 h6 33. g3 Qh5 34.
Kg2 Bb8 35. gxf4 Rf7 36. Qa8 Rf8 37. Qxa6 bxc4 38. Qxc4+ Bf7 39. Qa6 Bd5+ 40.
Kg3 Qg5 41. h4 Bxf4+ 42. Kh3 Bg2+ 43. Kxg2 Qxg4+ 0-1

[Event "Mundial Juvenil femenino 2005 s12"]
[Site "Belfort FRA"]
[Date "2005.07.24"]
[Round "6.13"]
[White "Lolici, Iselin"]
[Black "Shakryan, Zozan"]
[Result "1-0"]
[WhiteElo "2049"]
[BlackElo "1599"]
[PlyCount "93"]
[EventDate "2005.07.19"]
[EventType "swiss"]
[EventRounds "11"]
[EventCountry "FRA"]
[Source "lmi"]
[SourceDate "2005.07.31"]

1. c4 e6 2. g3 d5 3. Bg2 c6 4. Qc2 Nf6 5. Nf3 Bd6 6. O-O O-O 7. b3 dxc4 8. bxc4
Nbd7 9. Bb2 Qc7 10. Nc3 b6 11. Ne4 Be7 12. Nfg5 Nxe4 13. Nxe4 e5 14. Nc3 Bb7
15. d3 f5 16. Qb3 Kh8 17. a4 Nf6 18. Ba3 Bxa3 19. Qxa3 f4 20. a5 c5 21. Rfb1
Bxg2 22. Kxg2 Qc6+ 23. f3 Nh5 24. axb6 axb6 25. Qb3 Rxa1 26. Rxa1 fxg3 27. hxg3
Qg6 28. Ne4 Nf4+ 29. Kf2 Nh5 30. Ra6 Rb8 31. Qa4 h6 32. Qd7 Nf6 33. Nxf6 gxf6
34. Qd6 Rg8 35. g4 Qg5 36. Rxb6 Qh4+ 37. Kf1 Qh1+ 38. Kf2 Qh2+ 39. Ke1 Qg3+ 40.
Kd2 Qf4+ 41. Kd1 Rxg4 42. fxg4 Qf1+ 43. Kd2 Qf4+ 44. Kc2 Qxg4 45. Qxf6+ Kg8 46.
Rb8+ Kh7 47. Rh8# 1-0

[Event "Mundial Juvenil femenino 2005 s12"]
[Site "Belfort FRA"]
[Date "2005.07.24"]
[Round "6.14"]
[White "Langnerova, Karolina"]
[Black "Pavlidou, Ekaterini"]
[Result "1/2-1/2"]
[WhiteElo "1599"]
[BlackElo "1970"]
[PlyCount "100"]
[EventDate "2005.07.19"]
[EventType "swiss"]
[EventRounds "11"]
[EventCountry "FRA"]
[Source "lmi"]
[SourceDate "2005.07.31"]

1. e4 c5 2. d4 cxd4 3. c3 Nf6 4. e5 Nd5 5. Nf3 e6 6. Bc4 d6 7. cxd4 Bd7 8. O-O
Bc6 9. Nc3 Nb6 10. Bb3 N8d7 11. Be3 dxe5 12. dxe5 Be7 13. Qe2 Bxf3 14. Qxf3
Nxe5 15. Qxb7 Qb8 16. Qxb8+ Rxb8 17. Rfd1 Bb4 18. Bf4 f6 19. Bxe6 Ke7 20. Bb3
Bxc3 21. bxc3 Rbc8 22. Re1 Nbd7 23. Ba4 Rhe8 24. Bxe5 fxe5 25. f4 Rc4 26. Bxd7
Kxd7 27. fxe5 Rxc3 28. Rad1+ Ke7 29. e6 Ra3 30. Rd7+ Kf6 31. Re2 h6 32. e7 Kf7
33. Kf2 a5 34. g3 h5 35. Kg2 h4 36. Kh3 g5 37. Kg4 Kf6 38. gxh4 Ra4+ 39. Kg3
gxh4+ 40. Kf3 Ra3+ 41. Kg4 Rg8+ 42. Kf4 Re8 43. Rd6+ Kf7 44. Rd7 Kf6 45. Rf2
Ke6 46. Rd8 Rxe7 47. Re2+ Kf7 48. Rxe7+ Kxe7 49. Rd2 Ra4+ 50. Kg5 Ke6 1/2-1/2

[Event "Mundial Juvenil femenino 2005 s12"]
[Site "Belfort FRA"]
[Date "2005.07.24"]
[Round "6.15"]
[White "Solovyova, Yeunyzaveta"]
[Black "Trifonova, Sandra"]
[Result "1-0"]
[WhiteElo "1921"]
[BlackElo "1599"]
[PlyCount "167"]
[EventDate "2005.07.19"]
[EventType "swiss"]
[EventRounds "11"]
[EventCountry "FRA"]
[Source "lmi"]
[SourceDate "2005.07.31"]

1. e4 c6 2. d4 d5 3. Nc3 dxe4 4. Nxe4 Bf5 5. Ng3 Bg6 6. Nf3 Nd7 7. Bd3 Bxd3 8.
Qxd3 Qc7 9. Bd2 e6 10. c3 Ngf6 11. Ne4 Be7 12. h3 c5 13. O-O O-O 14. Be3 c4 15.
Nxf6+ Nxf6 16. Qe2 Nd5 17. Ne5 b5 18. a4 a6 19. Ra2 Rac8 20. axb5 axb5 21. Rfa1
Rb8 22. Qc2 b4 23. Ra7 Rb7 24. Rxb7 Qxb7 25. Nxc4 Qc7 26. cxb4 Nxb4 27. Qe2 Rc8
28. Ne5 Qb7 29. Rc1 Ra8 30. Qc4 Nd5 31. Qc2 f6 32. Nd3 Rb8 33. Qc6 Qxc6 34.
Rxc6 Rb3 35. Nf4 Nxe3 36. fxe3 e5 37. Nd5 Bf8 38. dxe5 fxe5 39. Rb6 Rd3 40. Rb5
Kf7 41. Kf2 Ke6 42. e4 Kd7 43. b4 h5 44. Rb6 Rd4 45. Ke3 Rd1 46. Rb8 Bd6 47.
Rb7+ Kc6 48. Rxg7 Rb1 49. Rg5 Rb3+ 50. Ke2 h4 51. Rh5 Rb2+ 52. Ke3 Rb3+ 53. Kf2
Rb2+ 54. Kg1 Bxb4 55. Nxb4+ Rxb4 56. Rxh4 Kc5 57. Rg4 Kd4 58. Kf2 Rb3 59. h4
Rb2+ 60. Kg3 Rb3+ 61. Kh2 Re3 62. h5 Rc3 63. h6 Rc8 64. h7 Rh8 65. Rh4 Ke3 66.
Kh3 Kd3 67. Kg3 Ke3 68. Kh2 Kd4 69. g3 Kd3 70. Kh3 Kd4 71. Kh2 Kd3 72. Kg1 Ke2
73. g4 Kf3 74. g5 Kg3 75. Rh6 Rd8 76. Rf6 Kg4 77. g6 Kg5 78. g7 Kxf6 79. h8=Q
Rd1+ 80. Kf2 Rd2+ 81. Ke3 Rd1 82. g8=Q+ Ke7 83. Qxe5+ Kd7 84. Qge8# 1-0

[Event "Mundial Juvenil femenino 2005 s12"]
[Site "Belfort FRA"]
[Date "2005.07.24"]
[Round "6.16"]
[White "Karabayeva, Zhanna"]
[Black "Abdalla, Mona Khaled"]
[Result "1-0"]
[WhiteElo "1599"]
[BlackElo "1599"]
[PlyCount "73"]
[EventDate "2005.07.19"]
[EventType "swiss"]
[EventRounds "11"]
[EventCountry "FRA"]
[Source "lmi"]
[SourceDate "2005.07.31"]

1. e4 e5 2. Nf3 Nc6 3. Bb5 a6 4. Ba4 b5 5. Bb3 Bc5 6. O-O Nf6 7. d3 h6 8. Be3
Bb6 9. Bxb6 cxb6 10. Nc3 Bb7 11. a3 O-O 12. d4 exd4 13. Nxd4 Na5 14. Bd5 Bxd5
15. exd5 Nc4 16. b3 Ne5 17. Nf5 d6 18. f4 Ng6 19. Qd4 Rc8 20. Rf3 Qd7 21. Nxh6+
gxh6 22. Qxf6 Qe7 23. Qd4 Qh4 24. Ne4 Rfd8 25. c3 Kf8 26. Raf1 Rd7 27. Qxb6 Re8
28. Qd4 Rc7 29. Nxd6 Re2 30. Re3 Re7 31. Rxe7 Qxe7 32. Nf5 Qd7 33. Qg7+ Ke8 34.
Qg8+ Nf8 35. Qg4 Qa7+ 36. Nd4 Re7 37. Qc8# 1-0

[Event "Mundial Juvenil femenino 2005 s12"]
[Site "Belfort FRA"]
[Date "2005.07.24"]
[Round "6.17"]
[White "Stetsko, Lanita"]
[Black "Botha, Monique"]
[Result "1-0"]
[WhiteElo "1599"]
[BlackElo "1599"]
[PlyCount "97"]
[EventDate "2005.07.19"]
[EventType "swiss"]
[EventRounds "11"]
[EventCountry "FRA"]
[Source "lmi"]
[SourceDate "2005.07.31"]

1. e4 c5 2. Nc3 e6 3. Nf3 d6 4. d4 cxd4 5. Nxd4 Nf6 6. g3 Be7 7. Bg2 O-O 8. O-O
e5 9. Nde2 a6 10. a4 Be6 11. Nd5 Nc6 12. Nec3 Bg4 13. f3 Be6 14. Be3 Bxd5 15.
exd5 Nb4 16. a5 Qd7 17. f4 Rac8 18. f5 e4 19. Rf2 Rfe8 20. Bxe4 Rxc3 21. bxc3
Nxe4 22. cxb4 Nxf2 23. Bxf2 Qxf5 24. Ra3 Bg5 25. c4 Rc8 26. c5 dxc5 27. bxc5
Be7 28. d6 Qd7 29. Re3 Bf6 30. Rb3 h6 31. Qf3 Rc6 32. Rb4 Kf8 33. Qd5 Ke8 34.
Bd4 Bxd4+ 35. Rxd4 Kf8 36. Re4 f6 37. Re7 Qxe7 38. dxe7+ Kxe7 39. Qg8 Rxc5 40.
Qxg7+ Ke6 41. Qxb7 Rd5 42. Qxa6+ Rd6 43. Qc8+ Ke5 44. a6 Ke4 45. a7 Kf3 46.
a8=Q+ Ke3 47. Qc5+ Ke2 48. Qc2+ Ke1 49. Qa1+ 1-0

[Event "Mundial Juvenil femenino 2005 s12"]
[Site "Belfort FRA"]
[Date "2005.07.24"]
[Round "6.18"]
[White "Smith, Stephanie"]
[Black "Collado Barbas, Laura"]
[Result "1/2-1/2"]
[WhiteElo "1599"]
[BlackElo "1599"]
[PlyCount "58"]
[EventDate "2005.07.19"]
[EventType "swiss"]
[EventRounds "11"]
[EventCountry "FRA"]
[Source "lmi"]
[SourceDate "2005.07.31"]

1. d4 d5 2. Nf3 Nf6 3. Bf4 c6 4. e3 Bg4 5. Nbd2 e6 6. Bd3 Bd6 7. Bg3 Bxg3 8.
hxg3 Nbd7 9. c3 c5 10. b3 Rc8 11. Qc2 Bxf3 12. gxf3 h6 13. g4 Ke7 14. Be2 cxd4
15. exd4 Qb6 16. Qb2 Qd6 17. c4 b6 18. Rc1 e5 19. cxd5 Rxc1+ 20. Qxc1 exd4 21.
Ne4 Qb4+ 22. Kf1 Nxd5 23. Bc4 Nc3 24. Qe1 Kf8 25. Qd2 b5 26. Qxd4 Nxe4 27. fxe4
Nf6 28. Qd8+ Ne8 29. Qb8 Qd2 1/2-1/2

[Event "Mundial Juvenil femenino 2005 s12"]
[Site "Belfort FRA"]
[Date "2005.07.24"]
[Round "6.19"]
[White "Tjolsen, Katrine"]
[Black "Dines, Sheila"]
[Result "1-0"]
[WhiteElo "1599"]
[BlackElo "1599"]
[PlyCount "117"]
[EventDate "2005.07.19"]
[EventType "swiss"]
[EventRounds "11"]
[EventCountry "FRA"]
[Source "lmi"]
[SourceDate "2005.07.31"]

1. d4 d5 2. c4 e6 3. Nc3 Nf6 4. Nf3 Nbd7 5. Bg5 c6 6. e3 Qa5 7. Bxf6 Nxf6 8.
Nd2 Bb4 9. Qc2 O-O 10. Bd3 h6 11. O-O Qc7 12. Nf3 c5 13. Nb5 Qe7 14. a3 dxc4
15. Qxc4 a6 16. axb4 axb5 17. Qxc5 Qxc5 18. bxc5 Bd7 19. Be2 Bc6 20. Ne5 Rfd8
21. Nxc6 bxc6 22. Bf3 Nd5 23. Bxd5 exd5 24. b4 Kf8 25. Rfb1 Ke7 26. Kf1 Kd7 27.
Ke2 Kc7 28. Kd3 Kb7 29. Kc3 Re8 30. Kb2 f5 31. Rxa8 Kxa8 32. Kc2 Kb7 33. Ra1 f4
34. Kd3 fxe3 35. fxe3 Rf8 36. Ke2 Re8 37. Rf1 Re7 38. Kd3 Kc7 39. Rf4 Kd7 40.
Rf8 Kc7 41. h4 Kd7 42. Ra8 Ke6 43. Ra6 Kf5 44. Rxc6 Kg4 45. Rd6 Kxh4 46. Rxd5
Kg3 47. Rf5 Kxg2 48. d5 g5 49. d6 Rd7 50. Rf6 h5 51. c6 Rd8 52. c7 Rg8 53. d7
h4 54. c8=Q Rxc8 55. dxc8=Q h3 56. Qg4+ Kh2 57. Rf2+ Kh1 58. Rf1+ Kh2 59. Qg1#
1-0

[Event "Mundial Juvenil femenino 2005 s12"]
[Site "Belfort FRA"]
[Date "2005.07.24"]
[Round "6.20"]
[White "Williams, Jordana"]
[Black "De La Parra Hurtado, Daniela"]
[Result "1-0"]
[WhiteElo "1599"]
[BlackElo "1599"]
[PlyCount "147"]
[EventDate "2005.07.19"]
[EventType "swiss"]
[EventRounds "11"]
[EventCountry "FRA"]
[Source "lmi"]
[SourceDate "2005.07.31"]

1. e4 c5 2. Nf3 d6 3. Bb5+ Bd7 4. Bxd7+ Nxd7 5. O-O g6 6. Nc3 Bg7 7. Re1 Ngf6
8. d4 cxd4 9. Nxd4 O-O 10. h3 Qb6 11. Nb3 Rac8 12. Be3 Qc7 13. Rc1 a6 14. Qd2
Rfd8 15. Bh6 Bh8 16. Bf4 Nc5 17. Qe2 Nxb3 18. cxb3 Qd7 19. Red1 Qe6 20. Re1 Rc7
21. Rcd1 Rdc8 22. Qf3 Nd7 23. Bd2 Ne5 24. Qe3 Rc6 25. Ne2 R6c7 26. Ba5 Rd7 27.
Nf4 Qf6 28. Nd5 Qe6 29. Nb6 Rdc7 30. Nxc8 Rxc8 31. Bc3 Qd7 32. Qf4 Rc7 33. Qd2
Qc8 34. Rc1 b5 35. Bd4 Rxc1 36. Rxc1 Qb7 37. Bxe5 Bxe5 38. Qc2 Kg7 39. Qe2 Qb6
40. a4 bxa4 41. bxa4 Qxb2 42. Qxb2 Bxb2 43. Rc7 a5 44. Rxe7 Bc3 45. Kf1 Kf6 46.
Rc7 Bb4 47. Ke2 Ke6 48. Kd3 h5 49. Rb7 Be1 50. f3 h4 51. Rb1 Bg3 52. Ke2 Be5
53. Rb6 Bc3 54. f4 f6 55. Ke3 Bb4 56. Rb5 Bc3 57. f5+ gxf5 58. Rxf5 Be1 59. Ke2
Bg3 60. Rxa5 Be5 61. Rb5 Kd7 62. Kd3 Bg3 63. Rb2 Bh2 64. a5 Kc7 65. a6 Bg1 66.
Rb7+ Kc8 67. Rh7 Kb8 68. Rxh4 Ka7 69. Rh6 Kxa6 70. Rxf6 Bh2 71. g4 Be5 72. Re6
Kb6 73. Rxe5 dxe5 74. g5 1-0

[Event "Mundial Juvenil femenino 2005 s12"]
[Site "Belfort FRA"]
[Date "2005.07.26"]
[Round "7.1"]
[White "Paikidze, Nazi"]
[Black "Cori T., Deysi"]
[Result "1/2-1/2"]
[WhiteElo "2083"]
[BlackElo "2035"]
[PlyCount "192"]
[EventDate "2005.07.19"]
[EventType "swiss"]
[EventRounds "11"]
[EventCountry "FRA"]
[Source "lmi"]
[SourceDate "2005.07.31"]

1. d4 Nf6 2. c4 e6 3. Nc3 Bb4 4. e3 b6 5. Bd3 Bb7 6. Nf3 O-O 7. O-O c5 8. Na4
cxd4 9. a3 Be7 10. exd4 d5 11. c5 bxc5 12. Nxc5 Bxc5 13. dxc5 Nbd7 14. b4 e5
15. Bf5 Qc7 16. Re1 Rfe8 17. Bg5 g6 18. Bh3 Bc6 19. Rb1 Ne4 20. Qc2 Rab8 21.
Bh4 f5 22. Nd2 Nef6 23. Qd3 Qb7 24. Bxf6 Nxf6 25. Qg3 Nh5 26. Qg5 Qe7 27. Qxe7
Rxe7 28. Nf3 Rbe8 29. b5 Ba8 30. g3 Nf6 31. Nd2 d4 32. c6 Nd5 33. Bf1 Nc3 34.
Rb4 Kg7 35. Nf3 Nd5 36. Rb2 d3 37. Nd2 e4 38. Nc4 Nc7 39. f3 Ne6 40. fxe4 Ng5
41. Nd2 fxe4 42. Re3 Nf7 43. Bg2 Nd6 44. a4 Re5 45. Rb1 a6 46. Bh3 axb5 47. Bd7
R8e7 48. axb5 Nxb5 49. Rxb5 Rxb5 50. c7 Bb7 51. Bxb5 Rxc7 52. Bc4 Kf6 53. Nxe4+
Bxe4 54. Rxe4 d2 55. Rf4+ Ke5 56. Be2 Rc1+ 57. Rf1 Kd4 58. Kf2 Kc3 59. Bd1 Kd3
60. Ba4 Rc5 61. Bd1 Rc1 62. Kf3 h6 63. h3 Rc5 64. Kg2 Rc1 65. Kf2 Rc5 66. Be2+
Kd4 67. g4 g5 68. Rd1 Rc2 69. Bf1 Kc3 70. Ke3 Ra2 71. Bg2 Rb2 72. Bf3 Ra2 73.
Rb1 Ra7 74. Rb6 Re7+ 75. Kf2 Rf7 76. Rd6 Kc2 77. Kg3 Rf4 78. Be2 Rb4 79. Rc6+
Kb2 80. Rxh6 Rd4 81. Rh5 Re4 82. Bd1 Re1 83. Rxg5 Rxd1 84. Rd5 Rg1+ 85. Kf4
d1=Q 86. Rxd1 Rxd1 87. g5 Rd4+ 88. Kf5 Rh4 89. g6 Rxh3 90. g7 Rg3 91. Kf6 Kc3
92. Kf7 Rf3+ 93. Ke7 Re3+ 94. Kf7 Rf3+ 95. Ke7 Rg3 96. Kf7 Rg4 1/2-1/2

[Event "Mundial Juvenil femenino 2005 s12"]
[Site "Belfort FRA"]
[Date "2005.07.26"]
[Round "7.3"]
[White "Chen, Yidi"]
[Black "Danelia, Mariam"]
[Result "0-1"]
[WhiteElo "1599"]
[BlackElo "1991"]
[PlyCount "53"]
[EventDate "2005.07.19"]
[EventType "swiss"]
[EventRounds "11"]
[EventCountry "FRA"]
[Source "lmi"]
[SourceDate "2005.07.31"]

1. e4 c5 2. Nf3 d6 3. d4 cxd4 4. Nxd4 Nf6 5. Nc3 a6 6. Bg5 e6 7. f4 Qb6 8. Qd2
Qxb2 9. Rb1 Qa3 10. f5 Qc5 11. fxe6 fxe6 12. Be2 Be7 13. Be3 Qc7 14. O-O O-O
15. a4 Bd7 16. Nf3 Rc8 17. Rb3 Qc6 18. Nd4 Qc7 19. Rfb1 e5 20. Nf3 Qc6 21. Bd3
Rc7 22. Bb6 Rc8 23. Be3 Bd8 24. Rxb7 Ba5 25. R7b3 Bxc3 26. Qe2 Ng4 27. Rb6 0-1

[Event "Mundial Juvenil femenino 2005 s12"]
[Site "Belfort FRA"]
[Date "2005.07.26"]
[Round "7.4"]
[White "Vilce, Andrea"]
[Black "Lakshmi, Sahiti P"]
[Result "0-1"]
[WhiteElo "1599"]
[BlackElo "1984"]
[PlyCount "79"]
[EventDate "2005.07.19"]
[EventType "swiss"]
[EventRounds "11"]
[EventCountry "FRA"]
[Source "lmi"]
[SourceDate "2005.07.31"]

1. d4 Nf6 2. c4 g6 3. Nc3 d6 4. e4 Bg7 5. Be2 O-O 6. Nf3 e5 7. d5 a5 8. Bg5 Na6
9. Nd2 h6 10. Be3 Nh7 11. O-O f5 12. f3 f4 13. Bf2 h5 14. a3 g5 15. Rb1 Qe8 16.
b4 Qg6 17. b5 Nc5 18. b6 g4 19. Qe1 Bh6 20. Rb2 cxb6 21. Rxb6 Nd7 22. Rb2 Kh8
23. Kh1 g3 24. Bb6 Qg5 25. Rg1 Qh4 26. Nf1 Qf6 27. hxg3 fxg3 28. Qxg3 Bf4 29.
Qf2 h4 30. Be3 Rg8 31. Bxf4 exf4 32. Na4 Nc5 33. Rb6 Nxa4 34. Rb3 Nc5 35. Rb6
Ra6 36. Rb5 Bd7 37. Rb1 Qg5 38. a4 Bxa4 39. Nd2 Qe5 40. Nf1 0-1

[Event "Mundial Juvenil femenino 2005 s12"]
[Site "Belfort FRA"]
[Date "2005.07.26"]
[Round "7.5"]
[White "Mitra, Hejazipour"]
[Black "Szabo, Noemi"]
[Result "1-0"]
[WhiteElo "1599"]
[BlackElo "1939"]
[PlyCount "69"]
[EventDate "2005.07.19"]
[EventType "swiss"]
[EventRounds "11"]
[EventCountry "FRA"]
[Source "lmi"]
[SourceDate "2005.07.31"]

1. e4 c5 2. Nf3 e6 3. c4 Nc6 4. Be2 Nd4 5. Nxd4 cxd4 6. d3 d6 7. O-O Nf6 8. f4
Qc7 9. Nd2 Be7 10. Qe1 h5 11. Nb3 e5 12. fxe5 dxe5 13. Bg5 Ng4 14. Bd2 Qc6 15.
Bxg4 hxg4 16. g3 Qg6 17. Rf2 Be6 18. Na5 Kd7 19. Qd1 Kc7 20. Qb3 Rab8 21. Qb5
f6 22. Rc1 a6 23. Qa4 Bd7 24. Qc2 b6 25. c5 b5 26. c6 Be6 27. Nb7 f5 28. Nc5
Ra8 29. Nxe6+ Qxe6 30. exf5 Qd5 31. Ba5+ Kc8 32. c7 Kd7 33. Qe2 Rh3 34. Qxg4
Rah8 35. f6+ 1-0

[Event "Mundial Juvenil femenino 2005 s12"]
[Site "Belfort FRA"]
[Date "2005.07.26"]
[Round "7.6"]
[White "Adamowicz, Katarzyna"]
[Black "Petrova, Olga"]
[Result "0-1"]
[WhiteElo "1885"]
[BlackElo "1599"]
[PlyCount "144"]
[EventDate "2005.07.19"]
[EventType "swiss"]
[EventRounds "11"]
[EventCountry "FRA"]
[Source "lmi"]
[SourceDate "2005.07.31"]

1. e4 c5 2. Nf3 Nc6 3. d4 cxd4 4. Nxd4 Nf6 5. Nc3 e5 6. Ndb5 d6 7. Bg5 a6 8.
Na3 b5 9. Nd5 Be7 10. Bxf6 Bxf6 11. c3 O-O 12. Nc2 Bg5 13. a4 bxa4 14. Rxa4 a5
15. Bc4 Rb8 16. b3 Kh8 17. Nce3 g6 18. Ra2 f5 19. exf5 gxf5 20. h4 Bh6 21. Qh5
Bg7 22. g4 fxg4 23. Bd3 Bh6 24. Qxh6 Rf7 25. Bc4 e4 26. b4 Rf8 27. Qg5 Qd7 28.
Nf6 Qd8 29. Nfxg4 axb4 30. Qxd8 Rxd8 31. O-O bxc3 32. Nf6 Ne5 33. Ra7 Rb7 34.
Rxb7 Bxb7 35. Bd5 Bxd5 36. Nfxd5 Rc8 37. Rc1 Nf3+ 38. Kh1 Nxh4 39. Rxc3 Rf8 40.
Ng4 Nf3 41. Ndf6 Ng5 42. Kg2 Kg7 43. Rc7+ Kg6 44. Nd5 Nf3 45. Kg3 Nd4 46. Nf4+
Rxf4 47. Kxf4 Ne6+ 48. Kxe4 Nxc7 49. f4 h5 50. Nf2 Kf6 51. Nh3 d5+ 52. Kf3 Kf5
53. Nf2 Ne6 54. Nd3 h4 55. Ke3 h3 56. Kf3 Nxf4 57. Nf2 d4 58. Kg3 Ne2+ 59. Kxh3
Kf4 60. Kg2 Ke3 61. Ng4+ Kd2 62. Nf2 Nc3 63. Kf3 Kc2 64. Kf4 Nb5 65. Ke4 Kc3
66. Nd1+ Kd2 67. Nf2 Kc3 68. Nd1+ Kc4 69. Nb2+ Kb4 70. Kd3 Kc5 71. Na4+ Kd5 72.
Nc3+ Nxc3 0-1

[Event "Mundial Juvenil femenino 2005 s12"]
[Site "Belfort FRA"]
[Date "2005.07.26"]
[Round "7.8"]
[White "Lolici, Iselin"]
[Black "Karabayeva, Zhanna"]
[Result "1-0"]
[WhiteElo "2049"]
[BlackElo "1599"]
[PlyCount "163"]
[EventDate "2005.07.19"]
[EventType "swiss"]
[EventRounds "11"]
[EventCountry "FRA"]
[Source "lmi"]
[SourceDate "2005.07.31"]

1. c4 Nf6 2. g3 g6 3. Bg2 Bg7 4. Nc3 O-O 5. e4 d6 6. Nge2 Nbd7 7. O-O e5 8. d3
c6 9. h3 Nc5 10. Be3 Ne6 11. Qd2 Qc7 12. Bh6 a5 13. Bxg7 Kxg7 14. f4 Bd7 15. f5
Nc5 16. g4 Qb6 17. d4 Ncxe4 18. Nxe4 Nxe4 19. Bxe4 Rae8 20. f6+ Kh8 21. Bg2 Be6
22. b3 d5 23. c5 Qc7 24. Kh1 e4 25. Qh6 Rg8 26. Rf4 g5 27. Rf2 Rg6 28. Qh5 Reg8
29. Bf1 Qd8 30. Ng3 Rxf6 31. Nf5 Rfg6 32. Rh2 Qf6 33. h4 Bxf5 34. gxf5 Qxf5 35.
Bh3 Qf4 36. Rf1 gxh4 37. Qxg6 Qxf1+ 38. Bxf1 fxg6 39. Rxh4 Rf8 40. Kg2 Kg7 41.
Be2 g5 42. Rg4 Kg6 43. Rg3 h5 44. Rh3 g4 45. Rh1 Kg5 46. Kg3 e3 47. Rh2 Rf6 48.
a3 Rh6 49. Rh4 Re6 50. Rxh5+ Kg6 51. Rh4 Kg7 52. Rxg4+ Kf6 53. Rf4+ Kg6 54.
Bd3+ Kg7 55. Kf3 Re7 56. Rg4+ Kh6 57. Rg6+ Kh5 58. Ke2 Kh4 59. Rh6+ Kg3 60. Rh7
Rxh7 61. Bxh7 Kf4 62. Bg6 Kg5 63. Be8 Kf4 64. Bd7 Ke4 65. Bc8 Kxd4 66. Bxb7
Kxc5 67. Kxe3 Kb6 68. Bc8 Kc5 69. Kd3 Kd6 70. Bg4 c5 71. Bf3 Kc6 72. Ke3 Kd6
73. Kf4 c4 74. bxc4 dxc4 75. Ke3 Kc5 76. Kd2 Kb5 77. Bd1 Kc5 78. Kc3 Kb5 79.
Kd4 a4 80. Be2 Kc6 81. Kxc4 Kb7 82. Kb4 1-0

[Event "Mundial Juvenil femenino 2005 s12"]
[Site "Belfort FRA"]
[Date "2005.07.26"]
[Round "7.9"]
[White "Suarez Calvo, Alexandra"]
[Black "Stetsko, Lanita"]
[Result "1-0"]
[WhiteElo "1924"]
[BlackElo "1599"]
[PlyCount "113"]
[EventDate "2005.07.19"]
[EventType "swiss"]
[EventRounds "11"]
[EventCountry "FRA"]
[Source "lmi"]
[SourceDate "2005.07.31"]

1. e4 d6 2. d4 Nf6 3. Nc3 g6 4. Be3 Ng4 5. Bd2 Bg7 6. f3 Nf6 7. Be3 c6 8. Qd2
b5 9. a4 b4 10. Nb1 Qa5 11. g4 Ba6 12. Ne2 Nbd7 13. Bh6 Bxh6 14. Qxh6 c5 15.
Qd2 Bxe2 16. Bxe2 cxd4 17. Qxd4 Ne5 18. f4 Nc6 19. Bb5 Qxb5 20. Qxf6 exf6 21.
axb5 Nd4 22. Nd2 Nxb5 23. Ra4 a5 24. Nc4 Ke7 25. Kd2 Nd4 26. Kd3 Nc6 27. Rha1
h5 28. g5 fxg5 29. fxg5 Ke6 30. Nxa5 Ne5+ 31. Ke2 Rhc8 32. Nc6 Rxa4 33. Nd4+
Ke7 34. Rxa4 Rc4 35. Ke3 Ng4+ 36. Kd3 Ne5+ 37. Ke3 h4 38. h3 Nd7 39. Rxb4 Rc5
40. Rb5 Rc7 41. c3 Nc5 42. Ra5 Kf8 43. b4 Nb7 44. Ra8+ Kg7 45. Kd3 Re7 46. Nf3
f5 47. exf5 gxf5 48. Nxh4 Rd7 49. Kd4 Nd8 50. Kd5 Nf7 51. Nxf5+ Kh7 52. h4 Ne5
53. h5 Rb7 54. Nxd6 Re7 55. Nf5 Rd7+ 56. Kxe5 Rd5+ 57. Kf4 1-0

[Event "Mundial Juvenil femenino 2005 s12"]
[Site "Belfort FRA"]
[Date "2005.07.26"]
[Round "7.10"]
[White "Tjolsen, Katrine"]
[Black "Solovyova, Yeunyzaveta"]
[Result "0-1"]
[WhiteElo "1599"]
[BlackElo "1921"]
[PlyCount "74"]
[EventDate "2005.07.19"]
[EventType "swiss"]
[EventRounds "11"]
[EventCountry "FRA"]
[Source "lmi"]
[SourceDate "2005.07.31"]

1. d4 Nf6 2. c4 d6 3. Nc3 Nbd7 4. e4 e5 5. d5 Be7 6. Bd3 c6 7. Nge2 Nf8 8. O-O
Ng6 9. h3 O-O 10. f4 exf4 11. Bxf4 Nxf4 12. Nxf4 Qb6+ 13. Rf2 Nd7 14. g3 Ne5
15. Qf1 Qe3 16. Kh2 g5 17. Re1 Qd4 18. Rd1 gxf4 19. gxf4 Nxd3 20. Rxd3 Qf6 21.
Rg3+ Kh8 22. Rfg2 Bd7 23. c5 Rg8 24. e5 dxe5 25. d6 Rxg3 26. Rxg3 Qxf4 27. Qxf4
exf4 28. Rf3 Bf6 29. Ne2 Bxb2 30. Rb3 Be5 31. Rxb7 f3+ 32. Ng3 f2 33. Kg2 Bxg3
34. Rxd7 Rg8 35. Kf1 Bh4 36. Rxf7 Rg1+ 37. Ke2 Re1+ 0-1

[Event "Mundial Juvenil femenino 2005 s12"]
[Site "Belfort FRA"]
[Date "2005.07.26"]
[Round "7.11"]
[White "Capelo, Paola"]
[Black "Vempati, Gayatri"]
[Result "0-1"]
[WhiteElo "1599"]
[BlackElo "1599"]
[PlyCount "98"]
[EventDate "2005.07.19"]
[EventType "swiss"]
[EventRounds "11"]
[EventCountry "FRA"]
[Source "lmi"]
[SourceDate "2005.07.31"]

1. e4 c5 2. Nf3 Nc6 3. d4 cxd4 4. Nxd4 Nf6 5. Nc3 e5 6. Nf3 Bb4 7. Bc4 O-O 8.
Qd3 d5 9. Bxd5 Nxd5 10. Qxd5 Qxd5 11. exd5 Nd4 12. O-O Bxc3 13. bxc3 Ne2+ 14.
Kh1 e4 15. Nd2 Nxc3 16. Bb2 Nxd5 17. Nxe4 Bf5 18. Rfe1 Nb4 19. Ba3 Nxc2 20.
Bxf8 Kxf8 21. Nd6 Bg6 22. Nxb7 Nxa1 23. Rxa1 Rb8 24. Nc5 Rb1+ 25. Rxb1 Bxb1 26.
a3 Ke7 27. Kg1 Kd6 28. Nb7+ Kc7 29. Nc5 Bc2 30. Na6+ Kb6 31. Nb4 Bb3 32. Kf1
Kb5 33. g3 a5 34. Nd3 Bc4 35. Ke2 Ka4 36. Kd2 Bxd3 37. Kxd3 Kxa3 38. Kc3 h5 39.
f3 f6 40. f4 g6 41. h3 f5 42. h4 a4 43. Kc2 Kb4 44. Kb2 Kc4 45. Ka3 Kd3 46.
Kxa4 Ke3 47. Kb3 Kf3 48. Kc3 Kxg3 49. Kd3 Kxf4 0-1